| 000 | 00389 a2200157 4500 | ||
|---|---|---|---|
| 020 | _a0195674774 | ||
| 024 | _a9780195674774 | ||
| 082 | _a342.06 | ||
| 090 |
_c2792 _d2792 |
||
| 100 | _aH. W. R Wade | ||
| 245 |
_aAdministrative Law _cH. W. R Wade |
||
| 250 | _a9th Ed. | ||
| 260 |
_aNew Delhi, India _bCBS Publishers and Distributers |
||
| 300 | _a1035 | ||
| 942 |
_aNBS _cBK _k342.06 WAD |
||
| 999 |
_c345282 _d345282 |
||